<?xml version="1.0" encoding="UTF-8"?>
<record
    xmlns:xsi="http://www.w3.org/2001/XMLSchema-instance"
    xsi:schemaLocation="http://www.loc.gov/MARC21/slim http://www.loc.gov/standards/marcxml/schema/MARC21slim.xsd"
    xmlns="http://www.loc.gov/MARC21/slim">

  <leader>00337nam a22001457a 4500</leader>
  <controlfield tag="005">20160916100943.0</controlfield>
  <controlfield tag="008">160916b        xxu||||| |||| 00| 0 eng d</controlfield>
  <datafield tag="041" ind1=" " ind2=" ">
    <subfield code="a">eng</subfield>
  </datafield>
  <datafield tag="100" ind1=" " ind2=" ">
    <subfield code="a">VERMA,DR.B.P</subfield>
    <subfield code="9">3563</subfield>
  </datafield>
  <datafield tag="245" ind1=" " ind2=" ">
    <subfield code="a">ROCK MECHANICS FOR ENGINEERS</subfield>
  </datafield>
  <datafield tag="260" ind1=" " ind2=" ">
    <subfield code="b">KHANNA</subfield>
    <subfield code="c">2015</subfield>
  </datafield>
  <datafield tag="300" ind1=" " ind2=" ">
    <subfield code="a">256</subfield>
  </datafield>
  <datafield tag="650" ind1=" " ind2=" ">
    <subfield code="a">ENGINEERING</subfield>
    <subfield code="9">3564</subfield>
  </datafield>
  <datafield tag="942" ind1=" " ind2=" ">
    <subfield code="c">BK</subfield>
  </datafield>
  <datafield tag="999" ind1=" " ind2=" ">
    <subfield code="c">5248</subfield>
    <subfield code="d">5246</subfield>
  </datafield>
  <datafield tag="952" ind1=" " ind2=" ">
    <subfield code="0">0</subfield>
    <subfield code="1">0</subfield>
    <subfield code="4">0</subfield>
    <subfield code="7">0</subfield>
    <subfield code="8">REF</subfield>
    <subfield code="a">JRU</subfield>
    <subfield code="b">JRU</subfield>
    <subfield code="c">SHELF-7-H</subfield>
    <subfield code="d">2016-09-16</subfield>
    <subfield code="e">PURCHASE</subfield>
    <subfield code="g">165.00</subfield>
    <subfield code="l">4</subfield>
    <subfield code="m">1</subfield>
    <subfield code="o">624.151 32</subfield>
    <subfield code="p">21236</subfield>
    <subfield code="r">2024-03-20 12:44:44</subfield>
    <subfield code="s">2024-03-13</subfield>
    <subfield code="w">2016-09-16</subfield>
    <subfield code="y">BK</subfield>
  </datafield>
  <datafield tag="952" ind1=" " ind2=" ">
    <subfield code="0">0</subfield>
    <subfield code="1">0</subfield>
    <subfield code="4">0</subfield>
    <subfield code="7">0</subfield>
    <subfield code="8">MINING</subfield>
    <subfield code="a">JRU</subfield>
    <subfield code="b">JRU</subfield>
    <subfield code="c">SHELF-94-A</subfield>
    <subfield code="d">2016-09-16</subfield>
    <subfield code="e">PURCHASE</subfield>
    <subfield code="g">165.00</subfield>
    <subfield code="l">8</subfield>
    <subfield code="m">1</subfield>
    <subfield code="p">21237</subfield>
    <subfield code="r">2026-03-09 04:12:05</subfield>
    <subfield code="s">2026-02-11</subfield>
    <subfield code="w">2016-09-16</subfield>
    <subfield code="y">BK</subfield>
  </datafield>
  <datafield tag="952" ind1=" " ind2=" ">
    <subfield code="0">0</subfield>
    <subfield code="1">0</subfield>
    <subfield code="4">0</subfield>
    <subfield code="7">0</subfield>
    <subfield code="8">MINING</subfield>
    <subfield code="a">JRU</subfield>
    <subfield code="b">JRU</subfield>
    <subfield code="c">SHELF-94-A</subfield>
    <subfield code="d">2016-09-16</subfield>
    <subfield code="e">PURCHASE</subfield>
    <subfield code="g">165.00</subfield>
    <subfield code="l">13</subfield>
    <subfield code="m">4</subfield>
    <subfield code="p">21238</subfield>
    <subfield code="r">2026-02-21 10:18:06</subfield>
    <subfield code="s">2026-02-11</subfield>
    <subfield code="w">2016-09-16</subfield>
    <subfield code="y">BK</subfield>
  </datafield>
  <datafield tag="952" ind1=" " ind2=" ">
    <subfield code="0">0</subfield>
    <subfield code="1">0</subfield>
    <subfield code="4">0</subfield>
    <subfield code="7">0</subfield>
    <subfield code="8">MINING</subfield>
    <subfield code="a">JRU</subfield>
    <subfield code="b">JRU</subfield>
    <subfield code="c">SHELF-94-A</subfield>
    <subfield code="d">2016-09-16</subfield>
    <subfield code="e">PURCHASE</subfield>
    <subfield code="g">165.00</subfield>
    <subfield code="l">14</subfield>
    <subfield code="m">3</subfield>
    <subfield code="p">21239</subfield>
    <subfield code="r">2024-03-12 12:38:33</subfield>
    <subfield code="s">2024-02-28</subfield>
    <subfield code="w">2016-09-16</subfield>
    <subfield code="y">BK</subfield>
  </datafield>
  <datafield tag="952" ind1=" " ind2=" ">
    <subfield code="0">0</subfield>
    <subfield code="1">0</subfield>
    <subfield code="4">0</subfield>
    <subfield code="7">0</subfield>
    <subfield code="8">MINING</subfield>
    <subfield code="a">JRU</subfield>
    <subfield code="b">JRU</subfield>
    <subfield code="c">SHELF-94-A</subfield>
    <subfield code="d">2016-09-16</subfield>
    <subfield code="e">PURCHASE</subfield>
    <subfield code="g">165.00</subfield>
    <subfield code="l">20</subfield>
    <subfield code="m">4</subfield>
    <subfield code="p">21240</subfield>
    <subfield code="r">2026-02-21 10:17:53</subfield>
    <subfield code="s">2026-02-11</subfield>
    <subfield code="w">2016-09-16</subfield>
    <subfield code="y">BK</subfield>
  </datafield>
  <datafield tag="952" ind1=" " ind2=" ">
    <subfield code="0">0</subfield>
    <subfield code="1">0</subfield>
    <subfield code="4">0</subfield>
    <subfield code="7">0</subfield>
    <subfield code="8">MINING</subfield>
    <subfield code="a">JRU</subfield>
    <subfield code="b">JRU</subfield>
    <subfield code="c">SHELF-94-A</subfield>
    <subfield code="d">2022-02-25</subfield>
    <subfield code="e">PURCHASE</subfield>
    <subfield code="g">199.00</subfield>
    <subfield code="l">5</subfield>
    <subfield code="m">3</subfield>
    <subfield code="o">624.151 32</subfield>
    <subfield code="p">26607</subfield>
    <subfield code="r">2025-05-15 11:02:04</subfield>
    <subfield code="s">2025-01-25</subfield>
    <subfield code="w">2022-02-25</subfield>
    <subfield code="y">BK</subfield>
  </datafield>
  <datafield tag="952" ind1=" " ind2=" ">
    <subfield code="0">0</subfield>
    <subfield code="1">0</subfield>
    <subfield code="4">0</subfield>
    <subfield code="7">0</subfield>
    <subfield code="8">MINING</subfield>
    <subfield code="a">JRU</subfield>
    <subfield code="b">JRU</subfield>
    <subfield code="c">SHELF-94-A</subfield>
    <subfield code="d">2022-02-25</subfield>
    <subfield code="e">PURCHASE</subfield>
    <subfield code="g">199.00</subfield>
    <subfield code="l">4</subfield>
    <subfield code="o">624.151 32</subfield>
    <subfield code="p">26608</subfield>
    <subfield code="r">2026-04-28 11:05:08</subfield>
    <subfield code="s">2026-02-09</subfield>
    <subfield code="w">2022-02-25</subfield>
    <subfield code="y">BK</subfield>
  </datafield>
  <datafield tag="952" ind1=" " ind2=" ">
    <subfield code="0">0</subfield>
    <subfield code="1">0</subfield>
    <subfield code="4">0</subfield>
    <subfield code="7">0</subfield>
    <subfield code="8">MINING</subfield>
    <subfield code="a">JRU</subfield>
    <subfield code="b">JRU</subfield>
    <subfield code="c">SHELF-94-A</subfield>
    <subfield code="d">2022-02-25</subfield>
    <subfield code="e">PURCHASE</subfield>
    <subfield code="g">199.00</subfield>
    <subfield code="l">3</subfield>
    <subfield code="o">624.151 32</subfield>
    <subfield code="p">26609</subfield>
    <subfield code="r">2023-06-02 00:00:00</subfield>
    <subfield code="s">2022-12-27</subfield>
    <subfield code="w">2022-02-25</subfield>
    <subfield code="y">BK</subfield>
  </datafield>
  <datafield tag="952" ind1=" " ind2=" ">
    <subfield code="0">0</subfield>
    <subfield code="1">0</subfield>
    <subfield code="4">0</subfield>
    <subfield code="7">0</subfield>
    <subfield code="8">MINING</subfield>
    <subfield code="a">JRU</subfield>
    <subfield code="b">JRU</subfield>
    <subfield code="c">SHELF-94-A</subfield>
    <subfield code="d">2022-02-25</subfield>
    <subfield code="e">PURCHASE</subfield>
    <subfield code="g">199.00</subfield>
    <subfield code="l">5</subfield>
    <subfield code="m">1</subfield>
    <subfield code="o">624.151 32</subfield>
    <subfield code="p">26610</subfield>
    <subfield code="r">2026-03-11 09:16:24</subfield>
    <subfield code="s">2026-02-20</subfield>
    <subfield code="w">2022-02-25</subfield>
    <subfield code="y">BK</subfield>
  </datafield>
  <datafield tag="952" ind1=" " ind2=" ">
    <subfield code="0">0</subfield>
    <subfield code="1">0</subfield>
    <subfield code="4">0</subfield>
    <subfield code="7">0</subfield>
    <subfield code="8">MINING</subfield>
    <subfield code="a">JRU</subfield>
    <subfield code="b">JRU</subfield>
    <subfield code="c">SHELF-60-B</subfield>
    <subfield code="d">2022-02-25</subfield>
    <subfield code="e">PURCHASE</subfield>
    <subfield code="g">199.00</subfield>
    <subfield code="l">11</subfield>
    <subfield code="m">4</subfield>
    <subfield code="o">624.151 32</subfield>
    <subfield code="p">26611</subfield>
    <subfield code="r">2026-03-20 07:17:26</subfield>
    <subfield code="s">2026-02-26</subfield>
    <subfield code="w">2022-02-25</subfield>
    <subfield code="y">BK</subfield>
  </datafield>
</record>
